000 00627nam a2200193Ii 4500
003 JO-AjNU
008 230605s9999||||xx |||||||||||||| ||und||
040 _aJO-AjNU
_bara
_erda
_cJO-AjNU
041 _aara
050 1 4 _aHD38.1980
100 3 _aعمر،عبدالرحمن عبدالباقي,
_eauthor
_920845
245 0 0 _aتنظيم وادارة المكاتب التطبيقية
264 3 1 _aالقاهرة،مكتبة عين شمس،1980
300 _a136ص
336 _atext
_btxt
_2rdacontent
337 _aunmediated
_bn
_2rdamedia
338 _avolume
_bnc
_2rdacarrier
650 4 _aادارة المكاتب
_920846
999 _aA7141
_c10709
_d10709